Catálogo
 En Linea

Relación acerca de las antigüedades de los Indios : (Registro nro. 40068)

Detalles MARC
000 -CABECERA
campo de control de longitud fija 00658nam a2200181 a 4500
001 - NÚMERO DE CONTROL
campo de control 000040578
005 - FECHA Y HORA DE LA ÚLTIMA TRANSACCIÓN
campo de control 20201002034228.0
008 - DATOS DE LONGITUD FIJA--INFORMACIÓN GENERAL
campo de control de longitud fija 111004s1978 mx b r 000 0 spa d
020 ## - NÚMERO INTERNACIONAL ESTÁNDAR DEL LIBRO
Número Internacional Estándar del Libro 968230167X
040 ## - FUENTE DE LA CATALOGACIÓN
Centro catalogador/agencia de origen DO-SdBNP
Lengua de catalogación spa
Centro/agencia transcriptor BNPHU
082 ## - NÚMERO DE LA CLASIFICACIÓN DECIMAL DEWEY
Número de clasificación xxxx
Número de documento/Ítem xxxx
100 1# - ENTRADA PRINCIPAL--NOMBRE DE PERSONA
Nombre de persona Pané, Ramón
9 (RLIN) 55212
245 10 - MENCIÓN DE TÍTULO
Título Relación acerca de las antigüedades de los Indios :
Resto del título el primer tratado escrito en América, nueva versión, con notas, mapas y apéndices. /
Mención de responsabilidad, etc. Fray Ramón Pané ; notas, mapa y apéndice José Juan Arrom.
250 ## - MENCIÓN DE EDICIÓN
Mención de edición 3ra. ed.
260 ## - PUBLICACIÓN, DISTRIBUCIÓN, ETC.
Lugar de publicación, distribución, etc. México :
Nombre del editor, distribuidor, etc. Siglo xxi,
Fecha de publicación, distribución, etc. 1978.
300 ## - DESCRIPCIÓN FÍSICA
Extensión vii, 125 p. ;
Dimensiones 19 cm.
700 1# - PUNTO DE ACCESO ADICIONAL--NOMBRE DE PERSONA
Nombre de persona Arrom, José Juan
9 (RLIN) 38701
Existencias
Estado de retiro Estado de pérdida Restricciones de uso No para préstamo Código de colección Localización permanente Ubicación/localización actual Ubicación en estantería Fecha de adquisición Número de inventario Total de préstamos Signatura topográfica completa Código de barras Fecha visto por última vez Precio válido a partir de Tipo de ítem Koha
      Excluido de préstamo Monografías: Libros y Folletos General General En catalogación 02.09.2013 LF1   xxxx xxxx 40578-10 25.06.2020 25.06.2020 No se presta

Con tecnología Koha